00359nam a22001337a 4500020001800000040000900018082001700027100002100044110001900065245003600084250005300120260003900173650001300212 a9781292088723 cNUST a620.103bHIB aHibbeler, R. C.  aYap, Kai Beng  aEngineering Mechanics. Dynamics aFourteenth Edition in SI Units.bGlobal Edition  aHarlow,bPearson Education,c2017. aDynamics